000 00878nam a2200229Ia 4500
999 _c3302
_d3302
003 OSt
005 20200624145759.0
008 191128t1992 ck a gr 000 j spa d
020 _a9580409641
040 _aCO-JMCR
_cCO-JMCR
041 _aspa
082 0 4 _aLM /
_bBERi
100 1 _aBergdolt de Walschburger, Ute,
_eautor
_96090
245 1 0 _aLeyendas de nuestra america /
_cUte Bergdolt de Walschburger
260 _aBogotá :
_bNorma,
_c©1992
300 _a189 páginas :
_bilustraciones blanco y negro ;
_c19 cm.
490 0 _aTorre de papel azul
500 _aIncluye datos biográficos del autor en contraportada
505 _aLeyendas de Argentina ; Leyendas de Bolivia ; Leyendas de Colombia ; Leyendas de Costa Rica ; Leyendas de Chile ; Leyendas de Ecuador ; Leyendas de México
650 1 4 _aLeyendas infantiles latinoamericanas
_96091
942 _2ddc
_cBK